000 00307nam a22001337a 4500
008 170605b xxu||||| |||| 00| 0 eng d
020 _a084514202X
041 _aeng
080 _a93
100 _a18
101 _aSHH
245 _aHOMIND EVOLUTION/ PAST, PRESENT AND FUTURE
_cLISS, A.R
942 _2udc
_cBK
999 _c15977
_d15977